00276pab a2200097 454500008003600000100002000036245006300056650002900119650001100148773001900159180718b xxu||||| |||| 00| 0 eng d aAragon, Randall aOrganizational politics: a primer for the police executive a Organizational Politics aPolice aPolice Journal